000 01136cam a2200229 i 4500
999 _c58090
_d58090
001 20275317
005 20221108160147.0
008 180111s2018 nyua b 000 0 eng
020 _a9781138931756 X
041 _aeng
080 _a616.896+376.2 D-41
100 1 _aDenning, Christopher
_d
_912025
245 1 0 _aInclusion and autism spectrum disorder :
_bproactive strategies to support students /
_cChristopher B. Denning and Amelia K. Moody.
264 1 _aNew York :
_bRoutledge, Taylor & Francis Group,
_c2018.
300 _a157 pages :
_billustrations ;
_c24 cm.
653 _aინკლუზია და აუტიზმის სპექტრის აშლილობა
653 _aИнклюзия и расстройство аутистического спектра
653 _aაუტიზმის სპექტრის დარღვევების მქონე ახალგაზრდები
653 _aМолодежь с расстройствами аутистического спектра
700 1 _aMoody, Amelia K.,
_eავტორი
_912026
942 _cBK
_2udc